<?xml version="1.0" encoding="UTF-8"?>
<record
    xmlns:xsi="http://www.w3.org/2001/XMLSchema-instance"
    xsi:schemaLocation="http://www.loc.gov/MARC21/slim http://www.loc.gov/standards/marcxml/schema/MARC21slim.xsd"
    xmlns="http://www.loc.gov/MARC21/slim">

  <leader>00822nam a2200205   4500</leader>
  <controlfield tag="001">78592</controlfield>
  <controlfield tag="003">BD-RjUL</controlfield>
  <controlfield tag="005">20220106164354.0</controlfield>
  <controlfield tag="008">211018s19991377ben||||| |||| 00| 0 per d</controlfield>
  <datafield tag="035" ind1=" " ind2=" ">
    <subfield code="a">(BD-RjUL)78818</subfield>
  </datafield>
  <datafield tag="040" ind1=" " ind2=" ">
    <subfield code="a">BD-RjUL</subfield>
    <subfield code="b">eng</subfield>
    <subfield code="c">BD-RjUL</subfield>
  </datafield>
  <datafield tag="041" ind1=" " ind2=" ">
    <subfield code="a">per</subfield>
  </datafield>
  <datafield tag="082" ind1=" " ind2=" ">
    <subfield code="2">23</subfield>
    <subfield code="a">891.5509</subfield>
    <subfield code="b">SAK 1999</subfield>
  </datafield>
  <datafield tag="100" ind1=" " ind2=" ">
    <subfield code="a"> &#x633;&#x647;&#x633;&#x631;&#x627;&#x645;&#x64A;,  &#x645;&#x62D;&#x645;&#x62F; &#x643;&#x644;&#x64A;&#x645;  ;;  Suhasrami,  Muhammad Kalim</subfield>
    <subfield code="9">566</subfield>
  </datafield>
  <datafield tag="245" ind1="1" ind2="0">
    <subfield code="a">&#x62E;&#x62F;&#x645;&#x62A;&#x6AF;&#x632;&#x627;&#x631;&#x627;&#x646; &#x641;&#x627;&#x631;&#x633;&#x6CC; &#x62F;&#x631; &#x628;&#x646;&#x6AF;&#x644;&#x627;&#x62F;&#x634; ;; Khedmat gujaran persi dar Bangladesh /</subfield>
    <subfield code="c">&#x645;&#x62D;&#x645;&#x62F; &#x643;&#x644;&#x64A;&#x645; &#x633;&#x647;&#x633;&#x631;&#x627;&#x645;&#x64A; ;; Mohammad Kalim sahsarami</subfield>
  </datafield>
  <datafield tag="260" ind1=" " ind2=" ">
    <subfield code="a">Dhaka : </subfield>
    <subfield code="b">&#x631;&#x627;&#x64A;&#x632;&#x627;&#x646;&#x649; &#x641;&#x631;&#x647;&#x646;&#x6AF;&#x6CC; &#x62C;&#x645;&#x647;&#x648;&#x631; &#x627;&#x633;&#x644;&#x627;&#x645;&#x6CC; &#x627;&#x6CC;&#x631;&#x627;&#x646; ,Cultural counseling of the Islamic Republic of Iran,</subfield>
    <subfield code="c">1999</subfield>
  </datafield>
  <datafield tag="300" ind1=" " ind2=" ">
    <subfield code="a">471 p. ;</subfield>
    <subfield code="c">24 cm</subfield>
  </datafield>
  <datafield tag="650" ind1=" " ind2=" ">
    <subfield code="a">Persian Literature /language</subfield>
    <subfield code="9">249124</subfield>
  </datafield>
  <datafield tag="942" ind1=" " ind2=" ">
    <subfield code="2">ddc</subfield>
    <subfield code="c">BK</subfield>
  </datafield>
  <datafield tag="999" ind1=" " ind2=" ">
    <subfield code="c">78592</subfield>
    <subfield code="d">78592</subfield>
  </datafield>
  <datafield tag="952" ind1=" " ind2=" ">
    <subfield code="0">0</subfield>
    <subfield code="1">0</subfield>
    <subfield code="2">ddc</subfield>
    <subfield code="4">0</subfield>
    <subfield code="7">1</subfield>
    <subfield code="8">NFIC</subfield>
    <subfield code="a">RUCL</subfield>
    <subfield code="b">RUCL</subfield>
    <subfield code="c">Reading</subfield>
    <subfield code="d">2007-07-10</subfield>
    <subfield code="e">Paragon , Dhaka</subfield>
    <subfield code="g">3.00</subfield>
    <subfield code="l">0</subfield>
    <subfield code="o">F 891.5509 SAK 1999</subfield>
    <subfield code="r">2021-10-18 00:00:00</subfield>
    <subfield code="t">C-1</subfield>
    <subfield code="w">2021-10-18</subfield>
    <subfield code="y">BK</subfield>
  </datafield>
  <datafield tag="952" ind1=" " ind2=" ">
    <subfield code="0">0</subfield>
    <subfield code="1">0</subfield>
    <subfield code="2">ddc</subfield>
    <subfield code="4">0</subfield>
    <subfield code="7">0</subfield>
    <subfield code="8">NFIC</subfield>
    <subfield code="a">RUCL</subfield>
    <subfield code="b">RUCL</subfield>
    <subfield code="c">GEN</subfield>
    <subfield code="d">2007-07-10</subfield>
    <subfield code="e">Paragon International, Dhaka</subfield>
    <subfield code="g">3.00</subfield>
    <subfield code="l">0</subfield>
    <subfield code="o">F 891.5509 SAK 1999</subfield>
    <subfield code="r">2022-01-06 00:00:00</subfield>
    <subfield code="t">C-2</subfield>
    <subfield code="w">2022-01-06</subfield>
    <subfield code="y">BK</subfield>
  </datafield>
  <datafield tag="952" ind1=" " ind2=" ">
    <subfield code="0">0</subfield>
    <subfield code="1">0</subfield>
    <subfield code="2">ddc</subfield>
    <subfield code="4">0</subfield>
    <subfield code="7">0</subfield>
    <subfield code="8">NFIC</subfield>
    <subfield code="a">RUCL</subfield>
    <subfield code="b">RUCL</subfield>
    <subfield code="c">GEN</subfield>
    <subfield code="d">2007-07-10</subfield>
    <subfield code="e">Paragon International, Dhaka</subfield>
    <subfield code="g">3.00</subfield>
    <subfield code="o">F 891.5509 SAK 1999</subfield>
    <subfield code="r">2022-01-06 00:00:00</subfield>
    <subfield code="t">C-3</subfield>
    <subfield code="y">BK</subfield>
  </datafield>
  <datafield tag="952" ind1=" " ind2=" ">
    <subfield code="0">0</subfield>
    <subfield code="1">0</subfield>
    <subfield code="2">ddc</subfield>
    <subfield code="4">0</subfield>
    <subfield code="7">0</subfield>
    <subfield code="8">NFIC</subfield>
    <subfield code="a">RUCL</subfield>
    <subfield code="b">RUCL</subfield>
    <subfield code="c">GEN</subfield>
    <subfield code="d">2007-07-10</subfield>
    <subfield code="e">Paragon International, Dhaka</subfield>
    <subfield code="g">3.00</subfield>
    <subfield code="o">F 891.5509 SAK 1999</subfield>
    <subfield code="r">2022-01-06 00:00:00</subfield>
    <subfield code="t">C-4</subfield>
    <subfield code="y">BK</subfield>
  </datafield>
  <datafield tag="952" ind1=" " ind2=" ">
    <subfield code="0">0</subfield>
    <subfield code="1">0</subfield>
    <subfield code="2">ddc</subfield>
    <subfield code="4">0</subfield>
    <subfield code="7">0</subfield>
    <subfield code="8">NFIC</subfield>
    <subfield code="a">RUCL</subfield>
    <subfield code="b">RUCL</subfield>
    <subfield code="c">GEN</subfield>
    <subfield code="d">2007-07-10</subfield>
    <subfield code="e">Paragon International, Dhaka</subfield>
    <subfield code="g">3.00</subfield>
    <subfield code="o">F 891.5509 SAK 1999</subfield>
    <subfield code="r">2022-01-08 00:00:00</subfield>
    <subfield code="t">C-5</subfield>
    <subfield code="y">BK</subfield>
  </datafield>
</record>
